|
|
|
|
| LEADER |
00000naa2a2200000 4500 |
| 001 |
624118 |
| 005 |
20231228120443.0 |
| 035 |
|
|
|a (RuTPU)RU\TPU\conf\23331
|
| 035 |
|
|
|a RU\TPU\conf\23329
|
| 090 |
|
|
|a 624118
|
| 100 |
|
|
|a 20171101d2017 k y0rusy50 ca
|
| 101 |
0 |
|
|a rus
|
| 102 |
|
|
|a RU
|
| 105 |
|
|
|a y z 101zy
|
| 135 |
|
|
|a drcn ---uucaa
|
| 181 |
|
0 |
|a i
|
| 182 |
|
0 |
|a b
|
| 200 |
1 |
|
|a Электрический потенциал тонкого биоактивного покрытия на основе цинк-замещенного гидроксиапатита, полученного на титане методом ВЧ магнетронного распыления
|f К. А. Просолов, О. А. Белявская, Ю. П. Шаркеев
|
| 203 |
|
|
|a Текст
|c электронный
|
| 225 |
1 |
|
|a Функциональные материалы и покрытия
|
| 300 |
|
|
|a Заглавие с экрана
|
| 320 |
|
|
|a [Библиогр.: с. 227 (5 назв.)]
|
| 463 |
|
0 |
|0 (RuTPU)RU\TPU\conf\23187
|t Современные технологии и материалы новых поколений
|o сборник трудов Международной конференции с элементами научной школы для молодежи, г. Томск, 9-13 октября 2017 г.
|f Национальный исследовательский Томский политехнический университет (ТПУ) ; Российская академия наук (РАН), Сибирское отделение (СО), Институт физики прочности и материаловедения (ИФПМ)
|v [С. 226-227]
|d 2017
|
| 610 |
1 |
|
|a электронный ресурс
|
| 610 |
1 |
|
|a электрический потенциал
|
| 610 |
1 |
|
|a биоактивные покрытия
|
| 610 |
1 |
|
|a гидроксиапатиты
|
| 610 |
1 |
|
|a титан
|
| 610 |
1 |
|
|a магнетронное распыление
|
| 610 |
1 |
|
|a имплантаты
|
| 610 |
1 |
|
|a биопокрытия
|
| 610 |
1 |
|
|a высокочастотные методы
|
| 610 |
1 |
|
|a ВЧ-магнетронное распыление
|
| 700 |
|
1 |
|a Просолов
|b К. А.
|c физик
|c младший научный сотрудник Томского политехнического университета
|f 1991-
|g Константин Александрович
|3 (RuTPU)RU\TPU\pers\47152
|
| 701 |
|
1 |
|a Белявская
|b О. А.
|
| 701 |
|
1 |
|a Шаркеев
|b Ю. П.
|c физик
|c профессор Томского политехнического университета, доктор физико-математических наук
|f 1950-
|g Юрий Петрович
|3 (RuTPU)RU\TPU\pers\31437
|9 15599
|
| 712 |
0 |
2 |
|a Российская академия наук (РАН)
|b Сибирское отделение (СО)
|b Институт физики прочности и материаловедения (ИФПМ)
|c (Томск)
|3 (RuTPU)RU\TPU\col\265
|
| 712 |
0 |
2 |
|a Национальный исследовательский Томский политехнический университет (ТПУ)
|b Физико-технический институт (ФТИ)
|b Кафедра экспериментальной физики (ЭФ)
|3 (RuTPU)RU\TPU\col\21255
|
| 801 |
|
2 |
|a RU
|b 63413507
|c 20220330
|g RCR
|
| 856 |
4 |
|
|u http://earchive.tpu.ru/handle/11683/43698
|
| 942 |
|
|
|c BK
|